Algunas sugerencias sobre: politicas y planificación de la extensión universitaria

Сохранить в:
Библиографические подробности
Соавтор: Universidad de Chile (Автор)
Формат:
Язык:испанский
Опубликовано: Santiago Universidad de Chile 1972
Предметы:
Метки: Добавить метку
Нет меток, Требуется 1-ая метка записи!

MARC

LEADER 00000nam a2200000 a 4500
001 UCX8358
003 CL-VaPUC
008 940324e19720000CL |||||||||||||||||spa|d
082 0 4 |a 378.1554  |b UNI  |2 21 
110 2 |a Universidad de Chile  |e author  |9 325460 
245 1 0 |a Algunas sugerencias sobre: politicas y planificación de la extensión universitaria 
300 |a 36 p 
942 |c BK 
945 |d 19940324 00:00:00  |a rbrito 
260 |a Santiago  |b Universidad de Chile  |c 1972 
650 0 |a Educación superior   |9 223851 
650 7 |a EXTENSION UNIVERSITARIA  |2 CL-VaPUC  |9 325461 
583 |a last modification  |c 20181001 12:34:42  |k Rodrigo Vera 
999 |c 227886  |d 227884 
952 |0 0  |1 0  |4 0  |6 378_155400000000000_UNI_1972  |7 0  |8 P  |9 227173  |a BIBEDU  |b BIBEDU  |c BIBEDU_PB  |d 2019-11-15  |i 2964228  |o 378.1554 UNI 1972  |p 2964228  |r 2019-11-15  |w 2019-11-15  |y BK  |k EDU